000 00503nam a2200193 a 4500
001 1760845749810
003 ACL
005 20251019092129.0
008 251019s1999##################000#0#eng##
020 _a9780521642545
082 0 4 _a658.514
_bMOW
100 1 _aMowery, David C.,
_eauthor.
245 1 0 _aSources of Industrial Leadership :
260 _bCambridge University Press,
_c1999.
300 _a412 pages
650 0 _aBusiness & Economics.
942 _cENGLISH
040 _aACL
_beng
_cACL
999 _c592456
_d592456